Normal view
MARC view
- Vampires
Entry Topical Term
001 - CONTROL NUMBER
- control field: 14035
003 - CONTROL NUMBER IDENTIFIER
- control field: NUST
005 - DATE AND TIME OF LATEST TRANSACTION
- control field: 20190328063725.0
008 - FIXED-LENGTH DATA ELEMENTS
- fixed length control field: 190328|| aca||aabn | a|a d
040 ## - CATALOGING SOURCE
- Original cataloging agency: NUST
- Transcribing agency: NUST
150 ## - HEADING--TOPICAL TERM
- Topical term or geographic name entry element: Vampires
- General subdivision: General
670 ## - SOURCE DATA FOUND
- Source citation: Work cat.: (NUST)70975: Meyer, Stephenie, 9897, Twilight /, c2005.
